Dám tha thứ = Dare to forgive
Phân tích tâm lí học về sự tha thứ, lòng bác ái đề cập đến cuộc sống cá nhân của con người
Gespeichert in:
| 1. Verfasser: | |
|---|---|
| Weitere Verfasser: | , , |
| Format: | Buch |
| Sprache: | Vietnamese |
| Veröffentlicht: |
Tp. Hồ Chí Minh
Tổng hợp Tp. Hồ Chí Minh
2014
|
| Schlagworte: | |
| Tags: |
Tag hinzufügen
Keine Tags, Fügen Sie den ersten Tag hinzu!
|
| Thư viện lưu trữ: | Thư viện Trường Đại học Nam Cần Thơ |
|---|
| LEADER | 01085nam a22002297a 4500 | ||
|---|---|---|---|
| 001 | NCT_4_013309 | ||
| 008 | 241011b xxu||||| |||| 00| 0 vie d | ||
| 999 | |c 8630 |d 8630 | ||
| 020 | |a 9786045821480 |c 44000 | ||
| 082 | 0 | 4 | |2 23rd ed. |a 155.92 |b H193 |
| 100 | 1 | |a Hallowell, Edward M. | |
| 245 | 1 | 0 | |a Dám tha thứ = |b Dare to forgive |c Edward M. Hallowell ; Xuân Khanh, Hiếu Dân, Hạnh Nguyên (Biên dịch) |
| 260 | |a Tp. Hồ Chí Minh |b Tổng hợp Tp. Hồ Chí Minh |c 2014 | ||
| 300 | |a 239 tr. |c 21 cm | ||
| 520 | 3 | |a Phân tích tâm lí học về sự tha thứ, lòng bác ái đề cập đến cuộc sống cá nhân của con người | |
| 653 | |a Tham khảo | ||
| 700 | 0 | |a Xuân Khanh |e Biên dịch | |
| 700 | 0 | |a Hiếu Dân |e Biên dịch | |
| 700 | 0 | |a Hạnh Nguyên |e Biên dịch | |
| 942 | |2 ddc |c BK | ||
| 952 | |0 0 |1 0 |2 ddc |4 0 |6 155_920000000000000_H193 |7 0 |9 29553 |a 000001 |b 000001 |d 2024-10-11 |o 155.92 H193 |p TK.04668 |r 2024-10-11 |v 44000.00 |w 2024-10-11 |y BK | ||
| 980 | |a Thư viện Trường Đại học Nam Cần Thơ | ||


